| 000 | 00394nam a22001337a 4500 | ||
|---|---|---|---|
| 003 | SGT | ||
| 082 |
_a658 _bI21V |
||
| 100 | _aVERMA, SHWETA | ||
| 245 | _aImpact Of Working Capital Management on Corporate Profitability With Special Reference to Firm's Constituting S & P Bse Indices | ||
| 260 |
_aGURUGRAM _bSGT UNIVERSITY _c2021 |
||
| 300 | _a239 | ||
| 650 | _aMANAGEMENT | ||
| 942 |
_2ddc _cTH |
||
| 999 |
_c26427 _d26427 |
||